Stand Out 4 Standards - Based English

Salvato in:
Dettagli Bibliografici
Autore principale: Sabbagh, Staci Lyn
Altri autori: Jenkins, Rob
Natura: Libro
Lingua:Undetermined
Pubblicazione: Boston, MA Thomson Learning/Heinle 2002
Accesso online:http://lrc.tdmu.edu.vn/opac/search/detail.asp?aID=2&ID=7391
Tags: Aggiungi Tag
Nessun Tag, puoi essere il primo ad aggiungerne! !
Thư viện lưu trữ: Trung tâm Học liệu Trường Đại học Thủ Dầu Một
LEADER 00605nam a2200205Ia 4500
001 TDMU_7391
008 210410s9999 xx 000 0 und d
082 |a 428 
090 |b S100 
100 |a Sabbagh, Staci Lyn 
245 0 |a Stand Out 4 
245 0 |b Standards - Based English 
245 0 |c Staci Lyn Sabbagh, Rob Jenkins 
260 |a Boston, MA 
260 |b Thomson Learning/Heinle 
260 |c 2002 
300 |a xv, 172 p. 
700 |a Jenkins, Rob 
856 |u http://lrc.tdmu.edu.vn/opac/search/detail.asp?aID=2&ID=7391 
980 |a Trung tâm Học liệu Trường Đại học Thủ Dầu Một